[Event "Seattle Seafair Open"]
[Site "Chess.com"]
[Date "2020.07.18"]
[Round "?"]
[White "Chen, Angela"]
[Black "Du, Shuhan"]
[Result "0-1"]
[WhiteElo "1421"]
[BlackElo "1814"]
[PlyCount "142"]
[EventDate "2020.??.??"]

1. e4 e5 2. Nf3 Nc6 3. Bc4 Bc5 4. d3 Nf6 5. Bg5 h6 6. Bh4 d6 7. h3 Be6 8. Bb3
Bxb3 9. axb3 Qe7 10. Nc3 Qe6 11. Na4 O-O 12. Nxc5 dxc5 13. O-O Nh5 14. Re1 Rfe8
15. Qd2 Nd4 16. Re3 Nf4 17. Nh2 Qg6 18. Bg3 h5 19. Nf3 Qh6 20. Qd1 g5 21. c3
Nc6 22. Ra4 Rad8 23. Rc4 b6 24. Ra4 Rd7 25. Bxf4 gxf4 26. Re2 Red8 27. Rd2 Qh8
28. Kh2 Rd6 29. Ne1 Kf8 30. Qf3 Ke7 31. g3 fxg3+ 32. fxg3 Rf6 33. Qg2 Rg8 34.
Rf2 Rfg6 35. Qf3 Qg7 36. Rg2 Qh6 37. Ra1 Rf6 38. Qe2 h4 39. Nf3 hxg3+ 40. Rxg3
Rxg3 41. Kxg3 Qf4+ 42. Kf2 Qh2+ 43. Ke3 Qxh3 44. Rf1 Qh6+ 45. Kf2 Qf4 46. Ke1
Rg6 47. Nd2 Qg3+ 48. Kd1 Rd6 49. Kc2 Rg6 50. Kc1 Nd8 51. Kc2 Ne6 52. Rf3 Qg4
53. Qf1 Nf4 54. Nc4 Qg2+ 55. Qxg2 Rxg2+ 56. Kb1 Ke6 57. d4 cxd4 58. cxd4 f6 59.
d5+ Kf7 60. Re3 Re2 61. Rxe2 Nxe2 62. Kc2 Nd4+ 63. Kc3 Ke7 64. b4 b5 65. Nd2 c6
66. Kd3 cxd5 67. exd5 f5 68. Ke3 Kd6 69. Kd3 Kxd5 70. Kc3 e4 71. b3 f4 0-1

[Event "Seattle Seafair Open"]
[Site "Chess.com"]
[Date "2020.07.18"]
[Round "?"]
[White "Chen, Angela"]
[Black "McConnell, Sullivan"]
[Result "0-1"]
[WhiteElo "1421"]
[BlackElo "2224"]
[PlyCount "88"]
[EventDate "2020.??.??"]

1. e4 e6 2. d4 d5 3. Nd2 Nf6 4. e5 Nfd7 5. Ngf3 c5 6. c3 Nc6 7. Bb5 Qb6 8. Ba4
cxd4 9. cxd4 Nxd4 10. Bxd7+ Bxd7 11. Nxd4 Qxd4 12. Nf3 Qxd1+ 13. Kxd1 Bc5 14.
Ke2 f6 15. Rd1 Bb5+ 16. Ke1 Rc8 17. Bd2 Kf7 18. Rac1 Bb6 19. b3 Bd3 20. a4 Bc2
21. a5 Bxd1 22. axb6 Rxc1 23. Bxc1 Bxf3 24. gxf3 axb6 25. f4 Rc8 26. Bd2 Rc2
27. Kd1 Rb2 28. b4 Kg6 29. Kc1 Rb3 30. Kc2 Rh3 31. Be3 Rxh2 32. Bxb6 fxe5 33.
fxe5 Kf5 34. Bd4 Ke4 35. Be3 h5 36. Kd2 h4 37. Ke2 h3 38. Kf1 Rh1+ 39. Ke2 h2
40. f3+ Kf5 41. b5 Rb1 42. b6 h1=Q 43. Kd2 Qd1+ 44. Kc3 Rb3# 0-1

[Event "Seattle Seafair Open"]
[Site "Chess.com"]
[Date "2020.07.19"]
[Round "?"]
[White "Chen, Minda"]
[Black "Li, Edward"]
[Result "0-1"]
[WhiteElo "1966"]
[BlackElo "1595"]
[PlyCount "72"]
[EventDate "2020.??.??"]

1. d4 d5 2. c4 e6 3. Nc3 Nf6 4. Nf3 Nbd7 5. Bf4 b6 6. cxd5 exd5 7. a3 a6 8. b4
Bb7 9. Qb3 h6 10. e3 Be7 11. Bd3 O-O 12. h3 Ra7 13. b5 a5 14. O-O Re8 15. Rac1
Ra8 16. Rc2 Rc8 17. Rfc1 c6 18. bxc6 Bxc6 19. Ba6 Ra8 20. Bb5 a4 21. Bxa4 Bxa4
22. Nxa4 b5 23. Qxb5 Ra5 24. Qc6 Qa8 25. Qxa8 Rexa8 26. Nc5 Rxa3 27. Nxd7 Nxd7
28. Rc8+ Rxc8 29. Rxc8+ Nf8 30. Ne5 g5 31. Nc6 Ra1+ 32. Kh2 Ba3 33. Be5 Kh7 34.
Rd8 Ra2 35. Ra8 f6 36. Bd6 Bxd6+ 0-1

[Event "Seattle Seafair Open"]
[Site "Chess.com"]
[Date "2020.07.18"]
[Round "?"]
[White "Chen, Minda"]
[Black "Shapiro, Michael"]
[Result "1-0"]
[WhiteElo "1966"]
[BlackElo "1502"]
[PlyCount "171"]
[EventDate "2020.??.??"]

1. d4 d5 2. c4 c6 3. Nc3 Nf6 4. Nf3 dxc4 5. a4 Bf5 6. Ne5 Nbd7 7. Nxc4 Qc7 8.
g3 e5 9. dxe5 Nxe5 10. Bf4 Nfd7 11. Bg2 h6 12. Qd4 f6 13. Ne4 Bxe4 14. Bxe4 Bc5
15. Bxe5 Qxe5 16. Bg6+ Ke7 17. Nxe5 Bxd4 18. Nxd7 Bxb2 19. Rb1 Bc3+ 20. Kd1
Kxd7 21. Rxb7+ Kd6 22. Kc2 Ba5 23. Rxg7 Rhg8 24. Rxg8 Rxg8 25. Be4 Rb8 26. Rd1+
Kc5 27. Rc1 Kd6 28. Rd1+ Kc5 29. Rd3 Re8 30. Bf3 Re6 31. Rd7 Kb4 32. Rxa7 Kxa4
33. Rb7 c5 34. Bg4 Re4 35. Bd7+ Ka3 36. e3 Rc4+ 37. Kd3 Rc3+ 38. Ke4 Rc2 39. f4
Rxh2 40. Bf5 c4 41. Kf3 c3 42. Rf7 Bd8 43. Rd7 Rd2 44. Rh7 c2 45. Bxc2 Rxc2 46.
Rxh6 Kb2 47. Rh8 Be7 48. Re8 Bb4 49. Rb8 Ka3 50. Rb6 Bc3 51. g4 Ka4 52. Ke4 Ka5
53. Rb3 Ka4 54. Rb7 Ka5 55. Kd3 Rc1 56. Rc7 Kb4 57. Rb7+ Kc5 58. Rb3 Bb4 59.
Ke4 Kc4 60. Rd3 Rg1 61. Rd4+ Kb3 62. Kf5 Bc3 63. Re4 Rg2 64. Re6 Rg3 65. e4 Kc4
66. Rc6+ Kd4 67. Rd6+ Kc5 68. Re6 Kd4 69. Rxf6 Re3 70. e5 Kd5 71. Rd6+ Kc5 72.
Rd8 Ba5 73. Rd1 Kc6 74. Kf6 Re4 75. Kf5 Re3 76. g5 Bb4 77. g6 Rg3 78. Kf6 Bf8
79. f5 Bh6 80. e6 Bg5+ 81. Kf7 Bh6 82. e7 Re3 83. e8=Q+ Rxe8 84. Kxe8 Bg7 85.
Kf7 Be5 86. f6 1-0

[Event "Seattle Seafair Open"]
[Site "Chess.com"]
[Date "2020.07.18"]
[Round "?"]
[White "Colombo, Dominic"]
[Black "Wong-Godfrey, Emerson"]
[Result "1-0"]
[WhiteElo "1960"]
[BlackElo "1114"]
[PlyCount "57"]
[EventDate "2020.??.??"]

1. e4 e6 2. Nc3 c5 3. Nf3 Nc6 4. d4 cxd4 5. Nxd4 Bc5 6. Ndb5 d6 7. Na4 a6 8.
Nxc5 axb5 9. Nb3 b4 10. Be2 Nge7 11. O-O O-O 12. Be3 f5 13. exf5 Nxf5 14. Bf4
d5 15. Bg3 Qf6 16. Qc1 e5 17. Qd2 Ncd4 18. Nxd4 Nxd4 19. Rfe1 Bf5 20. Bd1 Rae8
21. c3 bxc3 22. bxc3 Nc6 23. Qxd5+ Be6 24. Qb5 e4 25. Qxb7 Qxc3 26. Ba4 Nd4 27.
Bxe8 Rxe8 28. Be5 Bf7 29. Qxe4 1-0

[Event "Seattle Seafair Open"]
[Site "Chess.com"]
[Date "2020.07.19"]
[Round "?"]
[White "Colombo, Dominic"]
[Black "Martiniz Alcantara, Jose"]
[Result "0-1"]
[WhiteElo "1960"]
[BlackElo "2692"]
[PlyCount "96"]
[EventDate "2020.??.??"]

1. e4 e5 2. Nf3 Nc6 3. Bb5 a6 4. Ba4 Nf6 5. O-O Nxe4 6. Re1 Nc5 7. Nxe5 Be7 8.
Bxc6 dxc6 9. Nc3 O-O 10. d3 Ne6 11. h3 f6 12. Nf3 Qd7 13. Be3 Rd8 14. Ne4 c5
15. Nh4 Bf8 16. Qg4 Qf7 17. Nf5 Qg6 18. Qxg6 hxg6 19. Nh4 Kf7 20. Nf3 b6 21.
Rad1 Bb7 22. Kf1 Rd7 23. Ke2 Re8 24. Kf1 c4 25. Nc3 cxd3 26. Rxd3 Rxd3 27. cxd3
Rd8 28. Rd1 c5 29. Ne1 Be7 30. Ne2 b5 31. d4 c4 32. a3 f5 33. Nf4 Nxf4 34. Bxf4
Bf6 35. Be3 g5 36. g3 Ke6 37. Nc2 a5 38. Bd2 Be4 39. Re1 Kd5 40. Ne3+ Kc6 41.
Bxa5 Rxd4 42. Bc3 Rd8 43. Bxf6 gxf6 44. Rd1 Rh8 45. Rd4 Rxh3 46. Rd8 f4 47. Nd1
Bf3 48. Rc8+ Kb7 0-1

[Event "Seattle Seafair Open"]
[Site "Chess.com"]
[Date "2020.07.18"]
[Round "?"]
[White "Devadithya, Hiruna"]
[Black "Qian, Daniel"]
[Result "0-1"]
[WhiteElo "1148"]
[BlackElo "1886"]
[PlyCount "88"]
[EventDate "2020.??.??"]

1. e4 d6 2. d4 Nf6 3. Nc3 g6 4. Nf3 Bg7 5. Be2 O-O 6. O-O Nc6 7. Bf4 Bg4 8. h3
Bxf3 9. Bxf3 e5 10. dxe5 dxe5 11. Bg3 Re8 12. Ne2 h6 13. c3 Qe7 14. Qc2 Red8
15. Rad1 Nh7 16. Nc1 Ng5 17. Be2 Ne6 18. Bc4 Rxd1 19. Rxd1 Nf4 20. Bxf4 exf4
21. Kh1 Ne5 22. Be2 Qh4 23. f3 b6 24. b3 g5 25. Nd3 Nxd3 26. Qxd3 Qf2 27. c4 c5
28. Rf1 Qe3 29. Qxe3 fxe3 30. Rd1 Bd4 31. Kg1 Kg7 32. g4 Kf6 33. Kg2 Ke5 34.
Kg3 f6 35. Rd3 a6 36. a4 b5 37. cxb5 axb5 38. axb5 Ra2 39. b6 Kd6 40. b4 Rxe2
41. bxc5+ Kxc5 42. Rb3 Be5+ 43. f4 Bxf4+ 44. Kf3 Rf2# 0-1

[Event "Seattle Seafair Open"]
[Site "Chess.com"]
[Date "2020.07.18"]
[Round "?"]
[White "Devadithya, Hiruna"]
[Black "Nallappa, Vijay"]
[Result "1-0"]
[WhiteElo "1148"]
[BlackElo "734"]
[PlyCount "143"]
[EventDate "2020.??.??"]

1. e4 c5 2. Nf3 d6 3. d4 cxd4 4. Nxd4 Nf6 5. Nc3 g6 6. Be3 Bg7 7. Bc4 O-O 8. h3
Nc6 9. O-O Bd7 10. f4 Rc8 11. Bb3 Nxd4 12. Bxd4 Bc6 13. Qe2 e6 14. Rad1 d5 15.
Bxf6 Bxf6 16. exd5 Bxc3 17. dxc6 Bd4+ 18. Kh1 Qb6 19. cxb7 Rb8 20. c3 Bc5 21.
Rd2 Rxb7 22. Rf3 Re7 23. Rfd3 Qc7 24. Rf3 e5 25. f5 e4 26. Rf1 Qg3 27. Qg4 Qe5
28. fxg6 hxg6 29. Qxg6+ Qg7 30. Qxg7+ Kxg7 31. Re2 f5 32. Bc2 Kg6 33. g4 a5 34.
gxf5+ Rxf5 35. Rxf5 Kxf5 36. a3 Kf4 37. b4 Bb6 38. c4 axb4 39. axb4 Kf3 40. Bd1
e3 41. c5 Bc7 42. b5 Re6 43. b6 Rh6 44. bxc7 Rc6 45. Kh2 Kf4 46. Rc2 Rxc7 47.
c6 Kf5 48. Be2 Kf4 49. Rc4+ Ke5 50. Bf3 e2 51. Re4+ Kf5 52. Rxe2 Kf4 53. Bh1
Kf5 54. Rb2 Kg5 55. Rb7 Rc8 56. Kg3 Kf5 57. h4 Rg8+ 58. Kf3 Rc8 59. c7 Kg6 60.
Bg2 Kh5 61. Bh3 Rf8+ 62. Kg2 Rg8+ 63. Kh2 Re8 64. c8=Q Re2+ 65. Bg2 Kxh4 66.
Qc4+ Kh5 67. Rb5+ Kg6 68. Qxe2 Kf6 69. Qe5+ Kg6 70. Rb6+ Kf7 71. Qc7+ Ke8 72.
Rb8# 1-0

[Event "Seattle Seafair Open"]
[Site "Chess.com"]
[Date "2020.07.18"]
[Round "?"]
[White "Devaraju, Sonia"]
[Black "Zhang, Michelle"]
[Result "1-0"]
[WhiteElo "1543"]
[BlackElo "1267"]
[PlyCount "67"]
[EventDate "2020.??.??"]

1. e4 e5 2. Nf3 Nc6 3. Bc4 Bc5 4. c3 Nf6 5. d4 exd4 6. e5 Ng4 7. cxd4 Bb6 8.
O-O d5 9. exd6 Qxd6 10. Re1+ Ne7 11. Nc3 O-O 12. Ne4 Qc6 13. b3 Bf5 14. Ng3
Rfe8 15. Ba3 Ng6 16. Nxf5 Qf6 17. Ng3 Rad8 18. Rxe8+ Rxe8 19. h3 Nh6 20. Rc1
Nf5 21. Nxf5 Qxf5 22. Bd3 Qf6 23. Bxg6 hxg6 24. Bc5 Rd8 25. Bxb6 cxb6 26. Qd3
Qf5 27. Qd2 Qf6 28. d5 Qf5 29. d6 Qe6 30. Rd1 Rd7 31. h4 Qg4 32. Ne5 Qf5 33.
Nxd7 Qxd7 34. Rc1 1-0

[Event "Seattle Seafair Open"]
[Site "Chess.com"]
[Date "2020.07.19"]
[Round "?"]
[White "Du, Shuhan"]
[Black "Singh, Saket"]
[Result "0-1"]
[WhiteElo "1814"]
[BlackElo "1484"]
[PlyCount "58"]
[EventDate "2020.??.??"]

1. d4 d5 2. c4 e6 3. Nc3 Nf6 4. Bg5 Nbd7 5. e3 c6 6. Nf3 Qa5 7. Bxf6 Nxf6 8.
Bd3 Bb4 9. Qc2 dxc4 10. Bxc4 c5 11. O-O cxd4 12. Nxd4 O-O 13. Ne4 Nxe4 14. Qxe4
Be7 15. Rac1 Bf6 16. Rfd1 Rd8 17. Rd3 Bd7 18. Qxb7 Rab8 19. Qf3 Rxb2 20. Nb3
Qb4 21. Rcd1 h6 22. Qf4 Bg5 23. Qc7 Rc8 24. Qxd7 Qxc4 25. Rd4 Qc3 26. R4d3 Qc7
27. Qa4 Qc2 28. R3d2 Rb1 29. Qd4 Rd8 0-1

[Event "Seattle Seafair Open"]
[Site "Chess.com"]
[Date "2020.07.18"]
[Round "?"]
[White "Du, Shuhan"]
[Black "Shahinyan, David"]
[Result "0-1"]
[WhiteElo "1814"]
[BlackElo "2506"]
[PlyCount "74"]
[EventDate "2020.??.??"]

1. d4 Nf6 2. c4 c5 3. d5 e6 4. Nc3 exd5 5. cxd5 d6 6. e4 g6 7. Nf3 a6 8. a4 Bg4
9. Be2 Bxf3 10. Bxf3 Bg7 11. O-O O-O 12. Be3 Nbd7 13. Qc2 Qe7 14. Rab1 Rac8 15.
Rfc1 Rfe8 16. Qd2 Ne5 17. Be2 Neg4 18. Bg5 Nxe4 19. Bxe7 Nxd2 20. Ra1 Rxe7 21.
Bxg4 f5 22. Rd1 Nc4 23. Bf3 Nxb2 24. Rdc1 Nd3 25. Rc2 Re1+ 26. Rxe1 Nxe1 27.
Rc1 Nxf3+ 28. gxf3 Bxc3 29. Rxc3 b5 30. Kf1 b4 31. Rb3 a5 32. Ke2 c4 33. Rb1 c3
34. Kd3 c2 35. Rc1 b3 36. f4 b2 37. Rxc2 b1=Q 0-1

[Event "Seattle Seafair Open"]
[Site "Chess.com"]
[Date "2020.07.18"]
[Round "?"]
[White "Elliott, William"]
[Black "Bell, Harry"]
[Result "0-1"]
[WhiteElo "1541"]
[BlackElo "2000"]
[PlyCount "46"]
[EventDate "2020.??.??"]

1. c4 e5 2. Nc3 Nc6 3. Nf3 Bc5 4. g3 d6 5. Bg2 Nf6 6. O-O Bg4 7. d3 Qd7 8. Na4
O-O-O 9. Bg5 h6 10. Bxf6 gxf6 11. a3 Nd4 12. Nxc5 dxc5 13. Nxd4 cxd4 14. b4 Bh3
15. b5 h5 16. Qc2 h4 17. a4 hxg3 18. fxg3 Bxg2 19. Kxg2 Qh3+ 20. Kf3 Qh5+ 21.
Kg2 Qxh2+ 22. Kf3 Rdg8 23. Rg1 Rh3 0-1

[Event "Seattle Seafair Open"]
[Site "Chess.com"]
[Date "2020.07.19"]
[Round "?"]
[White "Elliott, William"]
[Black "Shanmugam, Meera"]
[Result "0-1"]
[WhiteElo "1541"]
[BlackElo "1224"]
[PlyCount "50"]
[EventDate "2020.??.??"]

1. c4 e6 2. d4 d5 3. Nf3 Be7 4. g3 Nf6 5. Bg2 O-O 6. cxd5 Nxd5 7. O-O Nd7 8. a3
N7f6 9. e3 b6 10. b4 Bb7 11. Bb2 Rc8 12. Nc3 a6 13. Rc1 Re8 14. Nxd5 Bxd5 15.
Ne5 Bxg2 16. Kxg2 c5 17. dxc5 bxc5 18. bxc5 Bxc5 19. Nd3 Bd6 20. Nb4 a5 21. Nd3
Qb6 22. Rb1 Qc6+ 23. Kg1 Rcd8 24. Qe2 Bxa3 25. Rfc1 Qd6 0-1

[Event "Seattle Seafair Open"]
[Site "Chess.com"]
[Date "2020.07.18"]
[Round "?"]
[White "Gao, Daniel"]
[Black "Elliott, William"]
[Result "1-0"]
[WhiteElo "1078"]
[BlackElo "1541"]
[PlyCount "63"]
[EventDate "2020.??.??"]

1. d4 d5 2. Nf3 Nf6 3. Bf4 g6 4. e3 Bg4 5. Be2 Bg7 6. c3 O-O 7. Nbd2 Nbd7 8.
O-O e6 9. Rc1 Nh5 10. Bg3 Nxg3 11. hxg3 c5 12. dxc5 Nxc5 13. Nb3 Ne4 14. Nbd4
a6 15. c4 dxc4 16. Rxc4 Nd6 17. Rc5 Rc8 18. Rxc8 Qxc8 19. Qd2 Qd7 20. Rc1 Rc8
21. b3 Rxc1+ 22. Qxc1 e5 23. Nc2 e4 24. Nfd4 Bxe2 25. Nxe2 f5 26. Ncd4 Qc8 27.
Qd2 h5 28. Nf4 Kh7 29. Nde6 Be5 30. Qd5 Qc1+ 31. Kh2 Qc8 32. Qxe5 1-0

[Event "Seattle Seafair Open"]
[Site "Chess.com"]
[Date "2020.07.19"]
[Round "?"]
[White "Gao, Daniel"]
[Black "Kaur, Aradh"]
[Result "0-1"]
[WhiteElo "1078"]
[BlackElo "1651"]
[PlyCount "106"]
[EventDate "2020.??.??"]

1. d4 d5 2. Nf3 Nf6 3. Bf4 e6 4. e3 Nbd7 5. c3 Be7 6. Nbd2 O-O 7. Be2 Nh5 8.
Bg3 b6 9. O-O Nxg3 10. hxg3 Bb7 11. c4 c5 12. cxd5 Bxd5 13. dxc5 Nxc5 14. b3
Bf6 15. Rc1 Ne4 16. Qc2 Nxd2 17. Nxd2 Rc8 18. Qb1 Rxc1 19. Rxc1 Bxg2 20. Kxg2
Qxd2 21. Bd3 g6 22. Rc7 Rd8 23. Be4 Qa5 24. Qc2 Be5 25. Rc8 Rxc8 26. Qxc8+ Kg7
27. Qc2 Qc3 28. Qxc3 Bxc3 29. Kf3 Kf6 30. Bc6 h6 31. Bb5 g5 32. a4 Ke5 33. Bc4
f6 34. g4 Bb4 35. Bb5 f5 36. Bc4 f4 37. exf4+ gxf4 38. Bb5 Bd6 39. Bc4 Kf6 40.
Bd3 Kg5 41. Bc4 e5 42. Be6 Bc5 43. Bc4 e4+ 44. Kxe4 Kxg4 45. f3+ Kg3 46. Be6 h5
47. Bf7 h4 48. Be6 Be3 49. b4 h3 50. Bxh3 Kxh3 51. Kd3 Kg3 52. Ke4 Bg1 53. b5
Bc5 0-1

[Event "Seattle Seafair Open"]
[Site "Chess.com"]
[Date "2020.07.18"]
[Round "?"]
[White "Gao, Daniel"]
[Black "Tang, Austin"]
[Result "0-1"]
[WhiteElo "1078"]
[BlackElo "1852"]
[PlyCount "72"]
[EventDate "2020.??.??"]

1. d4 Nf6 2. Nf3 g6 3. Bf4 Bg7 4. e3 d6 5. c3 Nbd7 6. Nbd2 O-O 7. Be2 Re8 8.
O-O e5 9. dxe5 dxe5 10. Bg3 c5 11. Nb3 Qe7 12. Qc2 a6 13. Rfd1 b6 14. a4 Bb7
15. a5 b5 16. h3 Rad8 17. Kh1 h6 18. Kg1 Qe6 19. Nbd2 Nh5 20. Bh2 Nhf6 21. Bg3
e4 22. Ne1 Rc8 23. b3 Nd5 24. Nb1 Red8 25. Ra2 f5 26. Ra3 b4 27. Ra2 bxc3 28.
Bc4 Kh7 29. Qe2 Ne5 30. Rc2 Nxc4 31. Qxc4 Qc6 32. Rcc1 Qb5 33. Qxb5 axb5 34.
Na3 Bc6 35. Nb1 Ra8 36. Kh1 Rd7 0-1

[Event "Seattle Seafair Open"]
[Site "Chess.com"]
[Date "2020.07.19"]
[Round "?"]
[White "Ginzburg, Liora"]
[Black "Siddem, Sid"]
[Result "1-0"]
[WhiteElo "1523"]
[BlackElo "988"]
[PlyCount "101"]
[EventDate "2020.??.??"]

1. Nf3 c5 2. d4 cxd4 3. Nxd4 e5 4. Nf3 Nc6 5. c4 Nf6 6. Nc3 Bc5 7. Bg5 Be7 8.
e4 O-O 9. a3 d6 10. Be2 Bg4 11. h3 Bh5 12. O-O Bg6 13. Bd3 h6 14. Bxf6 Bxf6 15.
Nd5 Bh7 16. b4 Nd4 17. Nxf6+ Qxf6 18. Nxd4 exd4 19. f4 Qe7 20. f5 Rfe8 21. Qg4
Qf6 22. Rf3 Kh8 23. Rg3 g6 24. fxg6 Bxg6 25. Rf1 Qe7 26. e5 dxe5 27. Bxg6 Rg8
28. Rxf7 Qxf7 29. Bxf7 Rxg4 30. Rxg4 Rd8 31. Bd5 d3 32. Kf2 b5 33. Ke1 bxc4 34.
Bxc4 d2+ 35. Kd1 h5 36. Re4 Kg7 37. Rxe5 Rd4 38. Be2 h4 39. Rg5+ Kf6 40. Rg4
Ke5 41. Rxd4 Kxd4 42. Kxd2 a6 43. a4 Ke4 44. Bxa6 Kf4 45. b5 Kg3 46. b6 Kxg2
47. b7 Kxh3 48. b8=Q Kg2 49. Bb7+ Kg1 50. Qg8+ Kh2 51. Qg2# 1-0

[Event "Seattle Seafair Open"]
[Site "Chess.com"]
[Date "2020.07.18"]
[Round "?"]
[White "Ginzburg, Liora"]
[Black "Martiniz Alcantara, Jose"]
[Result "0-1"]
[WhiteElo "1523"]
[BlackElo "2692"]
[PlyCount "74"]
[EventDate "2020.??.??"]

1. Nf3 c5 2. d4 cxd4 3. Nxd4 Nc6 4. Nc3 g6 5. e4 Bg7 6. Be3 Nf6 7. Be2 O-O 8.
O-O d6 9. f4 Bd7 10. h3 Rc8 11. Nf3 Qa5 12. Qe1 Rfe8 13. g4 h6 14. f5 g5 15. h4
Nxg4 16. Bd2 Nd4 17. hxg5 h5 18. Nxd4 Bxd4+ 19. Kh1 Qe5 20. Qh4 Bxc3 21. Bxc3
Rxc3 22. bxc3 Qxe4+ 23. Bf3 Qxf5 24. Qxh5 Ne3 25. Rg1 Bc6 26. Bxc6 bxc6 27. Qe2
Qe4+ 28. Rg2 Rb8 29. Re1 Qxg2+ 30. Qxg2 Nxg2 31. Kxg2 e6 32. Rd1 d5 33. a4 Rb2
34. Rd2 Ra2 35. g6 fxg6 36. Re2 Kf7 37. Rf2+ Ke7 0-1

[Event "Seattle Seafair Open"]
[Site "Chess.com"]
[Date "2020.07.18"]
[Round "?"]
[White "Gottumukkala, Anath"]
[Black "Lenderman, Aleksandr"]
[Result "0-1"]
[WhiteElo "1785"]
[BlackElo "2717"]
[PlyCount "96"]
[EventDate "2020.??.??"]

1. e4 c6 2. Nc3 d5 3. Nf3 g6 4. d4 Bg7 5. h3 dxe4 6. Nxe4 Nf6 7. Nxf6+ exf6 8.
Bd3 O-O 9. O-O a5 10. Re1 Na6 11. c4 Be6 12. a3 Re8 13. Bf4 Bf8 14. Rc1 Bd6 15.
Qd2 a4 16. d5 cxd5 17. cxd5 Bxf4 18. Qxf4 Bxd5 19. Rxe8+ Qxe8 20. Qxf6 Qd8 21.
Qxd8+ Rxd8 22. Bxa6 Bxf3 23. Bb5 Bd1 24. Kf1 Rd2 25. Rc8+ Kg7 26. Ra8 Rxb2 27.
Bxa4 Be2+ 28. Ke1 b5 29. Rb8 Bd3 30. Bd1 Ra2 31. Ra8 Be4 32. Ra5 Bxg2 33. Rxb5
Rxa3 34. h4 h6 35. h5 g5 36. Rb6 Bf3 37. Bb3 Bxh5 38. Rb7 Ra1+ 39. Kd2 Rf1 40.
Ke3 Re1+ 41. Kd3 Bg6+ 42. Kd2 Re4 43. Rd7 h5 44. f3 Rb4 45. Kc3 Rf4 46. Bd5 h4
47. Ra7 Bh5 48. Kd2 Rd4+ 0-1

[Event "Seattle Seafair Open"]
[Site "Chess.com"]
[Date "2020.07.19"]
[Round "?"]
[White "Gottumukkala, Anath"]
[Black "Zhang, Iris"]
[Result "1-0"]
[WhiteElo "1785"]
[BlackElo "1387"]
[PlyCount "59"]
[EventDate "2020.??.??"]

1. e4 e6 2. d3 d5 3. Nd2 Nf6 4. Ngf3 Nc6 5. c3 e5 6. b4 b5 7. d4 a6 8. Nxe5
Nxe5 9. dxe5 Nxe4 10. Nxe4 dxe4 11. Qxd8+ Kxd8 12. a4 Rb8 13. Be3 Be7 14. g3 f6
15. Bg2 f5 16. O-O Ke8 17. f3 exf3 18. Bxf3 Be6 19. axb5 axb5 20. Ra7 Bd8 21.
Ra6 Bc8 22. Raa1 Rf8 23. Ba7 Rb7 24. Bc6+ Kf7 25. Bd5+ Kg6 26. Bxb7 Bxb7 27.
Rfd1 Bg5 28. h4 Bh6 29. Rd7 Rf7 30. h5+ 1-0

[Event "Seattle Seafair Open"]
[Site "Chess.com"]
[Date "2020.07.18"]
[Round "?"]
[White "Guo, Veronica"]
[Black "Bablani, Arnav"]
[Result "1-0"]
[WhiteElo "1683"]
[BlackElo "909"]
[PlyCount "55"]
[EventDate "2020.??.??"]

1. Nf3 Nc6 2. d4 d5 3. g3 Nf6 4. Bg2 Bg4 5. h3 Bxf3 6. Bxf3 e6 7. c4 Bb4+ 8.
Bd2 Bxd2+ 9. Qxd2 O-O 10. O-O dxc4 11. Bxc6 bxc6 12. Na3 Qd5 13. Rac1 Ne4 14.
Qe3 Nd6 15. Rfd1 Rab8 16. Qc3 Qh5 17. Nxc4 Nxc4 18. Qxc4 Rxb2 19. Rc2 Rxc2 20.
Qxc2 h6 21. Kh2 Qg5 22. Qxc6 Qa5 23. a4 Qf5 24. f3 Qa5 25. Qc4 Rb8 26. Qc6 Kf8
27. Rc1 Qb5 28. axb5 1-0

[Event "Seattle Seafair Open"]
[Site "Chess.com"]
[Date "2020.07.19"]
[Round "?"]
[White "Guo, Veronica"]
[Black "Vo, Ian"]
[Result "1-0"]
[WhiteElo "1683"]
[BlackElo "1347"]
[PlyCount "89"]
[EventDate "2020.??.??"]

1. Nf3 Nf6 2. d4 g6 3. g3 Bg7 4. Bg2 O-O 5. c4 d6 6. O-O Nbd7 7. Nc3 c6 8. e4
e5 9. b3 exd4 10. Nxd4 a6 11. Bf4 c5 12. Nde2 Ne5 13. Rc1 Nh5 14. Be3 Ng4 15.
Bd2 b5 16. cxb5 axb5 17. Nxb5 Ba6 18. a4 Bxb5 19. axb5 Ne5 20. Nc3 Ra3 21. Ra1
Qa8 22. Rxa3 Qxa3 23. Nb1 Qa7 24. Bc3 Qb6 25. f4 c4+ 26. Bd4 Qxd4+ 27. Qxd4
Nf3+ 28. Bxf3 Bxd4+ 29. Kg2 cxb3 30. Rd1 Bc5 31. Rd3 Ra8 32. Rxb3 Ra2+ 33. Kh3
Bb6 34. Nc3 Rf2 35. Nd5 Ba7 36. b6 Bb8 37. Bxh5 gxh5 38. Ne7+ Kg7 39. Nc6 d5
40. Nxb8 dxe4 41. Nd7 h4 42. b7 e3 43. b8=Q hxg3 44. Qe5+ Kg8 45. Rb8# 1-0

[Event "Seattle Seafair Open"]
[Site "Chess.com"]
[Date "2020.07.18"]
[Round "?"]
[White "Guo, Veronica"]
[Black "Zhang, Iris"]
[Result "1-0"]
[WhiteElo "1683"]
[BlackElo "1387"]
[PlyCount "69"]
[EventDate "2020.??.??"]

1. Nf3 d5 2. d4 Nf6 3. g3 Bf5 4. Bg2 e6 5. c4 c6 6. Qb3 Qb6 7. c5 Qa6 8. Nc3
Nbd7 9. O-O Be7 10. Re1 O-O 11. Bf1 Ne4 12. e3 Qa5 13. Qxb7 Rfd8 14. b4 Rab8
15. Qxb8 Rxb8 16. bxa5 Nxc3 17. a4 f6 18. h4 e5 19. Kh2 Bd8 20. a6 Ba5 21. Bd2
Bb4 22. Bh3 Bxh3 23. Kxh3 Ne4 24. Bxb4 Rxb4 25. Re2 Nc3 26. Rc2 Nxa4 27. Raa2
Nb8 28. dxe5 Nxa6 29. exf6 gxf6 30. Nd4 N6xc5 31. Nxc6 Rb7 32. Ra1 Rc7 33. Nxa7
Kf7 34. Rxa4 Nxa4 35. Rxc7+ 1-0

[Event "Seattle Seafair Open"]
[Site "Chess.com"]
[Date "2020.07.19"]
[Round "?"]
[White "Hamlett, James"]
[Black "Tatikonda, Nihanth"]
[Result "1-0"]
[WhiteElo "1561"]
[BlackElo "1226"]
[PlyCount "75"]
[EventDate "2020.??.??"]

1. e4 c5 2. Nc3 Nc6 3. Bb5 a6 4. Bxc6 bxc6 5. f4 e6 6. Nf3 d5 7. O-O g6 8. d3
Bg7 9. Qe1 Nf6 10. f5 O-O 11. e5 Nd7 12. f6 Bh8 13. Qh4 Nxf6 14. exf6 Bxf6 15.
Bg5 Bxg5 16. Nxg5 h5 17. g4 f6 18. Nf3 hxg4 19. Qxg4 Qe8 20. Qh4 g5 21. Qg3 Qe7
22. Rae1 Rf7 23. h4 g4 24. Nh2 Rh7 25. Ne2 f5 26. Nf4 Bd7 27. Ng6 Qe8 28. Ne5
Qd8 29. Nhf3 Rg7 30. Ng5 Be8 31. Nxe6 Qf6 32. Nxg7 Kxg7 33. Nxg4 Qd4+ 34. Ne3+
Kf7 35. Rxf5+ Ke6 36. c3 Qxe3+ 37. Rxe3+ Kxf5 38. Qg5# 1-0

[Event "Seattle Seafair Open"]
[Site "Chess.com"]
[Date "2020.07.18"]
[Round "?"]
[White "Hamlett, James"]
[Black "Vega, Isaac"]
[Result "1-0"]
[WhiteElo "1561"]
[BlackElo "1972"]
[PlyCount "127"]
[EventDate "2020.??.??"]

1. e4 c5 2. Nc3 e6 3. Nf3 a6 4. a4 Qc7 5. d4 cxd4 6. Qxd4 Nc6 7. Qd1 Bb4 8. Bd2
Nf6 9. Bd3 O-O 10. O-O d5 11. Re1 d4 12. Ne2 e5 13. Ng3 Re8 14. Bc4 Bg4 15. Be2
Bxd2 16. Qxd2 Na5 17. b3 Rac8 18. Rec1 Qc3 19. Qxc3 Rxc3 20. Nd2 Rec8 21. Bd3
R3c7 22. f3 Be6 23. Ne2 Nd7 24. Rab1 Kf8 25. f4 f6 26. Rf1 Ke7 27. fxe5 fxe5
28. Nf3 h6 29. Nh4 Nc5 30. Nf5+ Bxf5 31. Rxf5 Nxd3 32. cxd3 Ke6 33. b4 Nc6 34.
b5 Ne7 35. Rf3 a5 36. Rbf1 Rc2 37. Ng3 Rc1 38. Nh5 Rxf1+ 39. Kxf1 g6 40. Ng7+
Kd7 41. Rf7 Rc1+ 42. Ke2 Rc2+ 43. Kf3 Rd2 44. Rf6 Rxd3+ 45. Ke2 Re3+ 46. Kd2
Rxe4 47. Rb6 Nd5 48. Rxb7+ Kc8 49. Ra7 Rg4 50. g3 Nb6 51. Ne6 h5 52. Rc7+ Kb8
53. Rc6 Nxa4 54. b6 h4 55. Nf8 hxg3 56. Nd7+ Kb7 57. Rc7+ Ka6 58. Ra7+ Kb5 59.
b7 gxh2 60. b8=Q+ Kc4 61. Nxe5+ Kd5 62. Rd7+ Ke6 63. Qd6+ Kf5 64. Rf7+ 1-0